La historia de la arquitectura

Uloženo v:
Podrobná bibliografie
Médium: Kniha
Jazyk:španělština
Vydáno: Barcelona Blume 2009
Vydání:1a. ed
Témata:
Tagy: Přidat tag
Žádné tagy, Buďte první, kdo vytvoří štítek k tomuto záznamu!

MARC

LEADER 00000cam a2200000 a 4500
001 UCF0150
003 CL-VaPUC
008 120427e20090000SP |||||||||||||||||spa|d
020 |a 9788480768580 
082 0 4 |a 720.9  |b HIS  |2 21 
245 1 3 |a La historia de la arquitectura 
250 |a 1a. ed 
300 |a 512 p 
942 |c BK 
945 |d 20120427 00:00:00  |a dcastane 
260 |a Barcelona  |b Blume  |c 2009 
650 0 |a Historia de la arquitectura  |9 266241 
650 7 |a ESTILOS ARQUITECTONICOS  |2 CL-VaPUC  |9 372532 
650 0 |a Arquitectos   |9 268647 
583 |a last modification  |c 20120910 08:26:22  |k Rodrigo Vera 
999 |c 347631  |d 347629 
952 |0 0  |1 0  |4 0  |6 720_900000000000000_HIS_2009  |7 0  |8 A  |9 449096  |a BIBING  |b BIBING  |d 2019-11-22  |i 4860659  |o 720.9 HIS 2009  |p 4860659  |r 2025-01-20  |w 2019-11-22  |y BK  |k CUI